[Event "Bayern-ch 95th"]
[Site "Rosenheim"]
[Date "2024.08.25"]
[Round "1"]
[White "Brunner, Tobias"]
[Black "Ammon, Tobias"]
[Result "1/2-1/2"]
[WhiteElo "2024"]
[BlackElo "2199"]
[PlyCount "84"]
[EventDate "2024.08.25"]
[EventType "swiss"]
[EventRounds "9"]
[EventCountry "GER"]
[SourceTitle "CBM 221 Extra"]
[Source "ChessBase"]
[SourceDate "2024.09.30"]
[SourceVersion "1"]
[SourceVersionDate "2024.09.30"]
[SourceQuality "1"]

1. e4 c5 2. Nc3 Nc6 3. g3 g6 4. Bg2 Bg7 5. d3 d6 6. f4 e6 7. Nf3 Nge7 8. Be3 b6 9. d4 Ba6 10. Qd2 0-0 11. 0-0-0 Qc7 12. g4 cxd4 13. Nxd4 Nxd4 14. Bxd4 e5 15. fxe5 dxe5 16. Be3 Rfd8 17. Qf2 Rxd1+ 18. Rxd1 Rd8 19. Rh1 Bc4 20. h4 h6 21. Bf1 Be6 22. Be2 Nc6 23. Qh2 Qc8 24. Qg2 Nd4 25. Bd1 Qa6 26. a3 Bf8 27. Qf1 Qxf1 28. Rxf1 Kg7 29. Ne2 Bxg4 30. Nxd4 exd4 31. Bxh6+ Kxh6 32. Bxg4 Kg7 33. h5 gxh5 34. Bxh5 Rd7 35. Kd2 Bd6 36. Rf5 f6 37. Bg4 Rc7 38. Rh5 Kg6 39. Rh8 Bf4+ 40. Kd3 Bc1 41. Bf5+ Kg5 42. Rh7 Rxh7 1/2-1/2

[Event "GER-ch U25 op-A"]
[Site "Willingen"]
[Date "2024.05.25"]
[Round "9"]
[White "Brunner, Tobias"]
[Black "Grunert, Friedrich"]
[Result "1-0"]
[WhiteElo "1997"]
[BlackElo "1977"]
[PlyCount "61"]
[EventDate "2024.05.19"]
[EventType "swiss"]
[EventRounds "9"]
[EventCountry "GER"]
[SourceTitle "EXT 2025"]
[Source "ChessBase"]
[SourceDate "2024.10.14"]
[SourceVersion "1"]
[SourceVersionDate "2024.10.14"]
[SourceQuality "1"]

1. f4 d5 2. Nf3 c5 3. d3 Nc6 4. Nbd2 g6 5. g3 Bg7 6. Bg2 d4 7. 0-0 Nh6 8. Nc4 0-0 9. a4 Nf5 10. Bd2 Qc7 11. Qc1 Be6 12. Na3 Rad8 13. Ng5 Bd5 14. Bxd5 Rxd5 15. g4 Ne3 16. Bxe3 dxe3 17. c3 Qd7 18. h3 h5 19. Nc2 hxg4 20. Nxe3 Rxg5 21. fxg5 gxh3 22. Qe1 Be5 23. Qh4 f6 24. Rf3 h2+ 25. Kh1 Rf7 26. Raf1 f5 27. Qh6 Qe6 28. Nxf5 Rh7 29. Nxe7+ Qxe7 30. Rf8+ Qxf8 31. Rxf8# 1-0

[Event "GER-ch U25 op-A"]
[Site "Willingen"]
[Date "2024.05.20"]
[Round "3"]
[White "Brunner, Tobias"]
[Black "Ellinger, Maximilian"]
[Result "1-0"]
[WhiteElo "1997"]
[BlackElo "1818"]
[PlyCount "109"]
[EventDate "2024.05.19"]
[EventType "swiss"]
[EventRounds "9"]
[EventCountry "GER"]
[SourceTitle "EXT 2025"]
[Source "ChessBase"]
[SourceDate "2024.10.14"]
[SourceVersion "1"]
[SourceVersionDate "2024.10.14"]
[SourceQuality "1"]

1. d4 Nf6 2. g3 c5 3. c3 cxd4 4. cxd4 d5 5. Nc3 Nc6 6. Bg2 e6 7. Nf3 Be7 8. 0-0 0-0 9. Bf4 Bd7 10. a3 Rc8 11. Qd3 Na5 12. Ne5 Nc4 13. Rab1 Qb6 14. Nxc4 Rxc4 15. Rfd1 Rfc8 16. e4 dxe4 17. Nxe4 Nd5 18. Bc1 Bb5 19. Qb3 Qc6 20. Nc3 Ba4 21. Nxa4 Qxa4 22. Qxa4 Rxa4 23. Bf1 Bf6 24. Be3 Ra5 25. Rbc1 Rd8 26. Rd3 Nxe3 27. fxe3 Rad5 28. b4 R5d7 29. Bg2 e5 30. d5 Be7 31. e4 Bd6 32. Rdc3 Bb8 33. Kf2 g6 34. g4 g5 35. Bf1 f6 36. Ke3 Kf7 37. Kd2 Rd6 38. Kc2 a6 39. Kb3 Ba7 40. b5 a5 41. Rc7+ R6d7 42. Rxd7+ Rxd7 43. Rc8 b6 44. Rh8 Ke7 45. Rxh7+ Kd6 46. Rh6 Rf7 47. Rh8 Rc7 48. Bc4 Rf7 49. Kc3 Rg7 50. Re8 Rf7 51. Re6+ Kd7 52. Kb3 Rf8 53. Rc6 Kd8 54. d6 Bb8 55. Be6 1-0

[Event "GER-ch U25-A"]
[Site "Willingen"]
[Date "2023.06.02"]
[Round "8"]
[White "Koll, Linus"]
[Black "Brunner, Tobias"]
[Result "1/2-1/2"]
[WhiteElo "2084"]
[BlackElo "2017"]
[PlyCount "109"]
[EventDate "2023.05.27"]
[EventType "swiss"]
[EventRounds "9"]
[EventCountry "GER"]
[SourceTitle "CBM 214 Extra"]
[Source "ChessBase"]
[SourceDate "2023.07.31"]
[SourceVersion "1"]
[SourceVersionDate "2023.07.31"]
[SourceQuality "1"]

1. e4 c6 2. Nf3 d5 3. d3 Bg4 4. h3 Bxf3 5. Qxf3 e6 6. g3 Nd7 7. Bg2 Bd6 8. 0-0 Ne7 9. Qe2 0-0 10. Nd2 Qb6 11. Kh2 Rae8 12. f4 f6 13. exd5 Nxd5 14. Nc4 Qc7 15. Nxd6 Qxd6 16. Qf2 b6 17. Bd2 Rf7 18. a3 Nf8 19. Rae1 Nc7 20. Qf3 c5 21. Qc6 Rd8 22. Qxd6 Rxd6 23. Be3 Nb5 24. Rf2 Rc7 25. c3 Rd8 26. a4 Nd6 27. g4 Nb7 28. Bxb7 Rxb7 29. d4 cxd4 30. Bxd4 Kf7 31. Kg3 Rd5 32. Rfe2 Re7 33. b4 Nd7 34. Kf3 Nb8 35. Rd2 Nc6 36. Red1 Red7 37. Be3 Rxd2 38. Rxd2 Rxd2 39. Bxd2 g6 40. Ke4 Ke7 41. Kd3 Kd6 42. c4 f5 43. b5 Nd8 44. Bb4+ Kd7 45. Kd4 Nf7 46. gxf5 exf5 47. c5 g5 48. fxg5 Nxg5 49. Ke5 Nxh3 50. Kxf5 Nf2 51. a5 Kc7 52. cxb6+ axb6 53. a6 Kb8 54. Bd6+ Ka7 55. Bc7 1/2-1/2

[Event "GER-ch U25-A"]
[Site "Willingen"]
[Date "2023.05.30"]
[Round "4"]
[White "Brunner, Tobias"]
[Black "Hoffmann, Kay"]
[Result "1-0"]
[WhiteElo "2017"]
[BlackElo "1805"]
[PlyCount "57"]
[EventDate "2023.05.27"]
[EventType "swiss"]
[EventRounds "9"]
[EventCountry "GER"]
[SourceTitle "CBM 214 Extra"]
[Source "ChessBase"]
[SourceDate "2023.07.31"]
[SourceVersion "1"]
[SourceVersionDate "2023.07.31"]
[SourceQuality "1"]

1. Nf3 g6 2. c4 c5 3. Nc3 Bg7 4. e3 e6 5. b3 Ne7 6. Bb2 Nbc6 7. d4 cxd4 8. Nxd4 Nxd4 9. exd4 d5 10. c5 0-0 11. g3 Nc6 12. Ne2 b6 13. Qd2 Ba6 14. Nf4 Bxf1 15. Kxf1 Qf6 16. cxb6 axb6 17. Ne2 Qf3 18. Rg1 Rfc8 19. g4 Qe4 20. Bc3 e5 21. Re1 Qf3 22. dxe5 Bxe5 23. Bxe5 Nxe5 24. Rg3 Qh1+ 25. Ng1 Re8 26. Rge3 Qxh2 27. Rh3 Rxa2 28. Qxa2 Qf4 29. Qa4 1-0

[Event "GER-ch U25-A"]
[Site "Willingen"]
[Date "2023.05.29"]
[Round "3"]
[White "Schwarz, David"]
[Black "Brunner, Tobias"]
[Result "0-1"]
[WhiteElo "1431"]
[BlackElo "2017"]
[PlyCount "90"]
[EventDate "2023.05.27"]
[EventType "swiss"]
[EventRounds "9"]
[EventCountry "GER"]
[SourceTitle "CBM 214 Extra"]
[Source "ChessBase"]
[SourceDate "2023.07.31"]
[SourceVersion "1"]
[SourceVersionDate "2023.07.31"]
[SourceQuality "1"]

1. e4 c6 2. d4 d5 3. e5 c5 4. dxc5 e6 5. Be3 Nd7 6. Nf3 Bxc5 7. Bxc5 Nxc5 8. Nc3 a6 9. b4 Nd7 10. Qd2 Qc7 11. Qe3 Ne7 12. b5 Nf5 13. Qd2 Nxe5 14. Nxe5 Qxe5+ 15. Be2 d4 16. Rd1 0-0 17. Nb1 axb5 18. a3 Bd7 19. 0-0 Bc6 20. Rfe1 Rad8 21. Qg5 Qf6 22. Qxf6 gxf6 23. Nd2 Ra8 24. Rb1 Rxa3 25. Bxb5 Bxb5 26. Rxb5 Nd6 27. Rb6 Ra6 28. Rb3 Rc8 29. h3 Rxc2 30. Ne4 Nxe4 31. Rxe4 Rd6 32. Rxb7 f5 33. Re1 d3 34. Kf1 Ra6 35. Rd7 Raa2 36. Rxd3 Rxf2+ 37. Kg1 Rxg2+ 38. Kh1 Rh2+ 39. Kg1 Rag2+ 40. Kf1 Rh1+ 41. Kxg2 Rxe1 42. Rg3+ Kf8 43. Rg5 f6 44. Rg3 f4 45. Ra3 Re2+ 0-1

[Event "Mittelfrank Regionalliga Nord-Ost 2223"]
[Site "Mittelfranken"]
[Date "2023.04.23"]
[Round "9.2"]
[White "Brunner, Tobias"]
[Black "Finster, Michael"]
[Result "1-0"]
[WhiteElo "2038"]
[BlackElo "2045"]
[PlyCount "59"]
[EventDate "2022.10.09"]
[EventType "team-tourn"]
[EventRounds "9"]
[EventCountry "GER"]
[SourceTitle "EXT 2024"]
[Source "ChessBase"]
[SourceDate "2023.10.10"]
[SourceVersion "1"]
[SourceVersionDate "2023.10.10"]
[SourceQuality "1"]
[WhiteTeam "Windischeschenbach"]
[BlackTeam "Herzogenaurach II"]
[WhiteTeamCountry "GER"]
[BlackTeamCountry "GER"]

1. e4 e5 2. Bc4 Nc6 3. d3 Nf6 4. Nc3 h6 5. Be3 Bb4 6. Nge2 d6 7. h3 Ba5 8. 0-0 Bb6 9. a3 Be6 10. Bb5 Qd7 11. Bxb6 axb6 12. d4 exd4 13. Nxd4 0-0-0 14. f4 Qe8 15. Qd3 Bd7 16. a4 Nxd4 17. Qxd4 Bc6 18. Bd3 d5 19. e5 Ne4 20. a5 bxa5 21. Rxa5 b6 22. Ra7 Qf8 23. b4 f6 24. Nb5 Bb7 25. Rfa1 c5 26. Qe3 fxe5 27. fxe5 d4 28. Qxe4 Bxe4 29. Rc7+ Kb8 30. Bxe4 1-0

[Event "Mittelfrank Regionalliga Nord-Ost 2223"]
[Site "Mittelfranken"]
[Date "2023.03.19"]
[Round "8.2"]
[White "Schatz, Christian"]
[Black "Brunner, Tobias"]
[Result "1/2-1/2"]
[WhiteElo "2127"]
[BlackElo "2038"]
[PlyCount "25"]
[EventDate "2022.10.09"]
[EventType "team-tourn"]
[EventRounds "9"]
[EventCountry "GER"]
[SourceTitle "EXT 2024"]
[Source "ChessBase"]
[SourceDate "2023.10.10"]
[SourceVersion "1"]
[SourceVersionDate "2023.10.10"]
[SourceQuality "1"]
[WhiteTeam "Heng Postbauer"]
[BlackTeam "Windischeschenbach"]
[WhiteTeamCountry "GER"]
[BlackTeamCountry "GER"]

1. Nf3 d5 2. d4 Nf6 3. c4 e6 4. g3 Be7 5. Bg2 0-0 6. 0-0 c6 7. Nbd2 b6 8. Qc2 Bb7 9. e4 Nbd7 10. b3 Rc8 11. e5 Ne8 12. Re1 c5 13. Bb2 1/2-1/2

[Event "Mittelfrank Regionalliga Nord-Ost 2223"]
[Site "Mittelfranken"]
[Date "2023.01.15"]
[Round "5.1"]
[White "Bunk, Karsten"]
[Black "Brunner, Tobias"]
[Result "1/2-1/2"]
[WhiteElo "2009"]
[BlackElo "2038"]
[PlyCount "49"]
[EventDate "2022.10.09"]
[EventType "team-tourn"]
[EventRounds "9"]
[EventCountry "GER"]
[SourceTitle "EXT 2024"]
[Source "ChessBase"]
[SourceDate "2023.10.10"]
[SourceVersion "1"]
[SourceVersionDate "2023.10.10"]
[SourceQuality "1"]
[WhiteTeam "Nuernberg Sued SW"]
[BlackTeam "Windischeschenbach"]
[WhiteTeamCountry "GER"]
[BlackTeamCountry "GER"]

1. c4 e5 2. g3 Nc6 3. Bg2 g6 4. Nc3 Bg7 5. d3 f5 6. e4 d6 7. Nge2 Nge7 8. 0-0 0-0 9. Nd5 h6 10. Rb1 Be6 11. b4 Qd7 12. b5 Nd8 13. Be3 c5 14. bxc6 bxc6 15. Nxe7+ Qxe7 16. Qa4 Bd7 17. c5 dxc5 18. Rfc1 Ne6 19. exf5 gxf5 20. Rb7 Qd6 21. Rxd7 Qxd7 22. Bxc6 Qd6 23. Bxa8 Rxa8 24. Qc4 Kh8 25. Nc3 1/2-1/2

[Event "Mittelfrank Regionalliga Nord-Ost 2223"]
[Site "Mittelfranken"]
[Date "2022.10.23"]
[Round "2.2"]
[White "Heidrich, Manfred"]
[Black "Brunner, Tobias"]
[Result "1/2-1/2"]
[WhiteElo "2231"]
[BlackElo "2038"]
[PlyCount "88"]
[EventDate "2022.10.09"]
[EventType "team-tourn"]
[EventRounds "9"]
[EventCountry "GER"]
[SourceTitle "EXT 2024"]
[Source "ChessBase"]
[SourceDate "2023.10.10"]
[SourceVersion "1"]
[SourceVersionDate "2023.10.10"]
[SourceQuality "1"]
[WhiteTeam "Forchheim SC"]
[BlackTeam "Windischeschenbach"]
[WhiteTeamCountry "GER"]
[BlackTeamCountry "GER"]

1. f4 d5 2. Nf3 Nf6 3. g3 g6 4. Bg2 Bg7 5. 0-0 0-0 6. d3 c5 7. Qe1 d4 8. Na3 Nc6 9. c3 Nd5 10. Bd2 e5 11. fxe5 Nxe5 12. Nxe5 Bxe5 13. Nc2 Be6 14. c4 Ne7 15. b4 cxb4 16. Nxb4 a5 17. Nc2 Nc6 18. Rb1 Qc7 19. Bf4 Rfe8 20. Bxe5 Qxe5 21. Rxb7 Rac8 22. Rb5 Qd6 23. Qf2 Rb8 24. Rfb1 Rxb5 25. Rxb5 Bd7 26. Rd5 Qc7 27. Nxd4 Nb4 28. Nb5 Qd8 29. Rd4 Nc2 30. Re4 Rxe4 31. Bxe4 Qg5 32. Kh1 Bxb5 33. cxb5 Qxb5 34. Kg2 Qg5 35. Qf4 Qc5 36. Qb8+ Kg7 37. Qb2+ Kg8 38. Qb7 Ne3+ 39. Kf3 Nd1 40. Kf4 Qd6+ 41. Kg5 Qe5+ 42. Kg4 f5+ 43. Kh3 Nf2+ 44. Kg2 Nxe4 1/2-1/2

[Event "GER-ch Youth-A"]
[Site "Willingen"]
[Date "2022.06.07"]
[Round "4"]
[White "Zha, Kevin"]
[Black "Brunner, Tobias"]
[Result "1/2-1/2"]
[WhiteElo "1835"]
[BlackElo "2007"]
[PlyCount "96"]
[EventDate "2022.06.04"]
[EventType "swiss"]
[EventRounds "9"]
[EventCountry "GER"]
[SourceTitle "CBM 208 Extra"]
[Source "ChessBase"]
[SourceDate "2022.07.31"]
[SourceVersion "1"]
[SourceVersionDate "2022.07.31"]
[SourceQuality "1"]

1. g3 d5 2. Bg2 Nf6 3. d3 c5 4. f4 e6 5. Nf3 Be7 6. 0-0 0-0 7. Nc3 d4 8. Ne4 Nd5 9. c4 Nc7 10. e3 Nc6 11. exd4 Nxd4 12. Be3 f5 13. Ned2 Bf6 14. Rb1 Qd6 15. Nb3 Nxb3 16. Qxb3 Rb8 17. Rfd1 b5 18. Qc2 Na6 19. d4 cxd4 20. Nxd4 Nb4 21. Qe2 Bxd4 22. Rxd4 Qe7 23. a3 Na6 24. cxb5 Nc7 25. Rc4 Rd8 26. Bc5 Qf7 27. a4 Nd5 28. Re1 h6 29. Qe5 Rb7 30. Bd6 Rbd7 31. Ba3 Nb6 32. Rcc1 Nxa4 33. Qxe6 Qxe6 34. Rxe6 Kf7 35. Re2 Bb7 36. Bc6 Bxc6 37. bxc6 Rc7 38. b4 Rd3 39. Ra2 Nc3 40. Rac2 Nb5 41. Bb2 Nd4 42. Bxd4 Rxd4 43. Rb1 a6 44. b5 axb5 45. Rxb5 Ke6 46. Rb7 Kd6 47. Rxc7 Kxc7 48. Kg2 Rd6 1/2-1/2

[Event "Mittelfrank Regionalliga Nord-Ost 2122"]
[Site "Mittelfranken"]
[Date "2022.05.29"]
[Round "9.4"]
[White "Seregelyes, Csaba"]
[Black "Brunner, Tobias"]
[Result "0-1"]
[WhiteElo "1982"]
[BlackElo "2083"]
[PlyCount "112"]
[EventDate "2021.10.24"]
[EventType "team-tourn"]
[EventRounds "9"]
[EventCountry "GER"]
[SourceTitle "EXT 2024"]
[Source "ChessBase"]
[SourceDate "2023.10.10"]
[SourceVersion "1"]
[SourceVersionDate "2023.10.10"]
[SourceQuality "1"]
[WhiteTeam "Herzogenaurach II"]
[BlackTeam "Windischeschenbach"]
[WhiteTeamCountry "GER"]
[BlackTeamCountry "GER"]

1. Nf3 d5 2. c4 e6 3. b3 Nf6 4. Bb2 b6 5. g3 Bb7 6. Bg2 Be7 7. 0-0 0-0 8. d4 Nbd7 9. Nc3 c5 10. e3 Rc8 11. cxd5 Nxd5 12. Nxd5 Bxd5 13. Qe2 Nf6 14. Ne5 Bxg2 15. Kxg2 Qd5+ 16. Qf3 cxd4 17. Qxd5 Nxd5 18. Bxd4 Rc2 19. Rfc1 Rfc8 20. Rxc2 Rxc2 21. a4 f6 22. Nc4 e5 23. e4 Nc7 24. Be3 Kf7 25. Rb1 Na6 26. Rb2 Rxb2 27. Nxb2 Ke6 28. f3 Nb4 29. Kf2 Nc2 30. Nd3 Na1 31. b4 Nc2 32. a5 bxa5 33. bxa5 Nxe3 34. Kxe3 Kd7 35. f4 Bd6 36. fxe5 fxe5 37. Nb2 Kc6 38. Kd3 Kb5 39. Nc4 Bc7 40. g4 g5 41. h3 a6 42. Nd2 h6 43. Nc4 Kb4 44. Ne3 Bxa5 45. Nf5 Kb3 46. Nxh6 Bd8 47. Nf7 Bf6 48. Nd6 Kb4 49. Nc4 Bg7 50. Ne3 a5 51. Nd5+ Kb3 52. Nc3 Bf8 53. Nd5 a4 54. Ne3 a3 55. Nc4 a2 56. Nd2+ Kb4 0-1

[Event "Mittelfrank Regionalliga Nord-Ost 2122"]
[Site "Mittelfranken"]
[Date "2022.04.03"]
[Round "7.3"]
[White "Brunner, Tobias"]
[Black "Piehler, Sebastian"]
[Result "1-0"]
[WhiteElo "2083"]
[BlackElo "1802"]
[PlyCount "113"]
[EventDate "2021.10.24"]
[EventType "team-tourn"]
[EventRounds "9"]
[EventCountry "GER"]
[SourceTitle "EXT 2024"]
[Source "ChessBase"]
[SourceDate "2023.10.10"]
[SourceVersion "1"]
[SourceVersionDate "2023.10.10"]
[SourceQuality "1"]
[WhiteTeam "Windischeschenbach"]
[BlackTeam "Kelheim II"]
[WhiteTeamCountry "GER"]
[BlackTeamCountry "GER"]

1. e4 c5 2. Nc3 a6 3. a4 Nc6 4. f4 e6 5. Nf3 d5 6. d3 Nf6 7. g3 dxe4 8. Nxe4 Nxe4 9. dxe4 Qxd1+ 10. Kxd1 Be7 11. c3 0-0 12. Be3 Rd8+ 13. Kc2 Rb8 14. Be2 b6 15. Rhd1 Bb7 16. Rxd8+ Rxd8 17. Rd1 Rxd1 18. Kxd1 Nb8 19. Nd2 Bc6 20. b3 b5 21. axb5 axb5 22. Bd3 f6 23. h4 Nd7 24. g4 Kf7 25. Ke2 g6 26. Nf1 e5 27. f5 gxf5 28. gxf5 Bd8 29. Kf3 Ba5 30. Bd2 Bc7 31. Ne3 Nb6 32. Kg4 Bd6 33. Kh5 Kg7 34. Kg4 Kf7 35. Kf3 Bf8 36. Ng4 Nc8 37. Be3 Bd6 38. Bf2 Ne7 39. Ke3 Ng8 40. Be2 Bf8 41. Kd3 Ke8 42. Ne3 Kd7 43. Bh5 Bg7 44. c4 b4 45. Nd5 Bf8 46. Bf7 Bxd5 47. cxd5 Nh6 48. Bh5 Kc7 49. Kc4 Kb6 50. Be3 Ng8 51. d6 Bxd6 52. Kd5 Bf8 53. Ke6 Kb5 54. Be2+ Kc6 55. Kf7 Bh6 56. Bf2 Bd2 57. Kxg8 1-0

[Event "Mittelfrank Regionalliga Nord-Ost 2122"]
[Site "Mittelfranken"]
[Date "2021.10.24"]
[Round "1.4"]
[White "Pranschke, Gerd"]
[Black "Brunner, Tobias"]
[Result "1/2-1/2"]
[WhiteElo "1938"]
[BlackElo "2083"]
[PlyCount "79"]
[EventDate "2021.10.24"]
[EventType "team-tourn"]
[EventRounds "9"]
[EventCountry "GER"]
[SourceTitle "EXT 2024"]
[Source "ChessBase"]
[SourceDate "2023.10.10"]
[SourceVersion "1"]
[SourceVersionDate "2023.10.10"]
[SourceQuality "1"]
[WhiteTeam "Nuernberg Noris Tarrasch III"]
[BlackTeam "Windischeschenbach"]
[WhiteTeamCountry "GER"]
[BlackTeamCountry "GER"]

1. e4 d5 2. exd5 Qxd5 3. Nc3 Qd6 4. Nf3 Nf6 5. g3 c6 6. Bg2 Bf5 7. d3 Nbd7 8. Qe2 e6 9. a3 Qc7 10. Bf4 Bd6 11. Bxd6 Qxd6 12. 0-0 0-0 13. Rfe1 Rad8 14. Rad1 Rfe8 15. h3 a6 16. Nh4 Bg6 17. Nxg6 hxg6 18. Ne4 Qc7 19. Qd2 c5 20. Nxf6+ Nxf6 21. Qe3 b5 22. Qf3 Rd6 23. Qb7 Qxb7 24. Bxb7 Red8 25. Bf3 Nd7 26. Be2 Nb6 27. b3 Nd5 28. Bf1 Nb6 29. Be2 Rd4 30. Kf1 Nd5 31. Ra1 a5 32. Bf3 a4 33. Re4 Nc3 34. Rxd4 Rxd4 35. Be2 Kf8 36. Ke1 Ke7 37. Kd2 Ne4+ 38. Ke3 Nc3 39. Kd2 Ne4+ 40. Ke3 1/2-1/2

[Event "Bayern-ch 92th"]
[Site "Lichtenfels"]
[Date "2021.08.27"]
[Round "8"]
[White "Stoeckl, Stephan"]
[Black "Brunner, Tobias"]
[Result "1/2-1/2"]
[WhiteElo "2061"]
[BlackElo "1998"]
[PlyCount "30"]
[EventDate "2021.08.22"]
[EventType "swiss"]
[EventRounds "9"]
[EventCountry "GER"]
[SourceTitle "EXT 2023"]
[Source "ChessBase"]
[SourceDate "2022.10.05"]
[SourceVersion "1"]
[SourceVersionDate "2022.10.05"]
[SourceQuality "1"]

1. Nf3 d5 2. c4 c6 3. b3 Nf6 4. Bb2 e6 5. g3 Be7 6. Bg2 0-0 7. 0-0 Nbd7 8. d3 b6 9. Nc3 Bb7 10. e3 Rc8 11. Qe2 dxc4 12. bxc4 Qc7 13. Rfd1 Rfd8 14. Rab1 Nf8 15. Ba1 Ng6 1/2-1/2

[Event "Bayern-ch 92th"]
[Site "Lichtenfels"]
[Date "2021.08.25"]
[Round "6"]
[White "Reimann, Matthias"]
[Black "Brunner, Tobias"]
[Result "1-0"]
[WhiteElo "2017"]
[BlackElo "1998"]
[PlyCount "105"]
[EventDate "2021.08.22"]
[EventType "swiss"]
[EventRounds "9"]
[EventCountry "GER"]
[SourceTitle "EXT 2023"]
[Source "ChessBase"]
[SourceDate "2022.10.05"]
[SourceVersion "1"]
[SourceVersionDate "2022.10.05"]
[SourceQuality "1"]

1. Nf3 Nf6 2. d4 d5 3. Bg5 c6 4. Nbd2 Nbd7 5. e3 g6 6. Be2 Bg7 7. h3 Qa5 8. 0-0 Ne4 9. Nb3 Qb6 10. Bf4 0-0 11. c4 e6 12. c5 Qd8 13. Nbd2 e5 14. Nxe5 Bxe5 15. Bxe5 Nxe5 16. Nxe4 dxe4 17. dxe5 Qg5 18. Qd4 Bf5 19. Kh2 Rad8 20. Qc3 Rfe8 21. Rad1 Rxd1 22. Rxd1 Qe7 23. b4 Be6 24. a4 Bd5 25. Bc4 Bxc4 26. Qxc4 Qxe5+ 27. Kg1 h5 28. Rd6 Qa1+ 29. Kh2 Qe5+ 30. Kg1 Qa1+ 31. Kh2 Qe5+ 32. g3 Qf5 33. Qc2 a6 34. a5 h4 35. g4 Qe5+ 36. Kg2 Re6 37. Qd2 Qf6 38. Rxe6 Qf3+ 39. Kg1 fxe6 40. Qd8+ Kg7 41. Qxh4 Qd1+ 42. Kg2 Qf3+ 43. Kg1 Qd1+ 44. Kg2 Qf3+ 45. Kh2 Qe2 46. Qe7+ Kh8 47. Qf8+ Kh7 48. Kg3 Qb2 49. Qf7+ Kh8 50. Qxb7 Qe5+ 51. Kg2 Qf6 52. Qb8+ Kh7 53. Qf4 1-0

[Event "GER-ch Net blitz qual2"]
[Site "Playchess.com INT"]
[Date "2021.05.04"]
[Round "11"]
[White "Brunner, Tobias"]
[Black "Di Capua, Francesco Stefano"]
[Result "0-1"]
[WhiteElo "1858"]
[BlackElo "2038"]
[PlyCount "152"]
[EventDate "2021.05.04"]
[EventType "swiss (blitz)"]
[EventRounds "11"]
[EventCountry "GER"]
[SourceTitle "CBM 202 Extra"]
[Source "ChessBase"]
[SourceDate "2021.07.31"]
[SourceVersion "1"]
[SourceVersionDate "2021.07.31"]
[SourceQuality "1"]

1. e4 e5 2. Nf3 Nc6 3. Bc4 Nf6 4. d3 Bc5 5. Be3 Bxe3 6. fxe3 0-0 7. 0-0 d5 8. exd5 Nxd5 9. Qe2 Nb6 10. Bb3 a5 11. a4 Qd6 12. Nc3 Be6 13. Ne4 Qe7 14. Bxe6 Qxe6 15. Nfg5 Qg6 16. h4 f5 17. Nc5 Rab8 18. Nge6 Rf7 19. e4 f4 20. c3 Re7 21. Ng5 Nd7 22. Nxd7 Rxd7 23. Qg4 Rxd3 24. Rad1 Rxd1 25. Rxd1 h6 26. Qe6+ Qxe6 27. Nxe6 Rc8 28. Rd7 g5 29. hxg5 hxg5 30. Nxg5 Rd8 31. Rxc7 Rd1+ 32. Kh2 Ra1 33. b3 Rc1 34. c4 Nd4 35. Rxb7 Rc2 36. Kh3 Rc3+ 37. Kh4 Nxb3 38. Nf7 Nc5 39. Ra7 Rxc4 40. Nh6+ Kf8 41. Rxa5 Nxe4 42. Ng4 f3 43. gxf3 Nd2 44. Kg3 e4 45. f4 Rc3+ 46. Kf2 Nc4 47. Ra8+ Kg7 48. Ne5 Rc2+ 49. Kg3 Ne3 50. Ra7+ Kf6 51. Rf7+ Ke6 52. Ra7 Nf5+ 53. Kg4 Ne3+ 54. Kh3 Rc3 55. Ra6+ Kf5 56. Kh2 Kxf4 57. Ng6+ Kg4 58. Ne5+ Kf4 59. Ng6+ Kg5 60. Ne5 Ng4+ 61. Nxg4 Kxg4 62. Kg2 Rc2+ 63. Kf1 Ra2 64. Ra8 Kf3 65. Ke1 Ra1+ 66. Kd2 e3+ 67. Kd3 Rd1+ 68. Kc2 e2 69. Rf8+ Kg4 70. Rg8+ Kf5 71. Rf8+ Kg6 72. Re8 e1Q 73. Rxe1 Rxe1 74. Kb3 Re4 75. a5 Kf7 76. a6 Re6 0-1

[Event "GER-ch Net blitz qual2"]
[Site "Playchess.com INT"]
[Date "2021.05.04"]
[Round "5"]
[White "Schulze, Marc Andre"]
[Black "Brunner, Tobias"]
[Result "1-0"]
[WhiteElo "2061"]
[BlackElo "1858"]
[PlyCount "79"]
[EventDate "2021.05.04"]
[EventType "swiss (blitz)"]
[EventRounds "11"]
[EventCountry "GER"]
[SourceTitle "CBM 202 Extra"]
[Source "ChessBase"]
[SourceDate "2021.07.31"]
[SourceVersion "1"]
[SourceVersionDate "2021.07.31"]
[SourceQuality "1"]

1. d4 d5 2. Bf4 Nf6 3. e3 c6 4. Nf3 Bf5 5. c4 e6 6. Nc3 Bd6 7. Bg5 Nbd7 8. Qb3 Qb6 9. c5 Qxb3 10. axb3 Bc7 11. b4 0-0 12. b5 e5 13. Bxf6 gxf6 14. Kd2 Rfb8 15. Be2 Nf8 16. b4 b6 17. bxc6 bxc5 18. Nxd5 Rc8 19. Ne7+ Kh8 20. Nxf5 cxd4 21. exd4 exd4 22. g3 Ne6 23. Bc4 Bb6 24. b5 Nc5 25. Rhe1 Re8 26. Nd6 Rxe1 27. Rxe1 Ba5+ 28. Kc2 Bxe1 29. Nxe1 Kg7 30. c7 Kf8 31. Nd3 Na4 32. c8Q+ Rxc8 33. Nxc8 Ke8 34. Nxa7 Nb6 35. Nb2 Ke7 36. Kd3 Kd6 37. Nc6 Kc5 38. Nxd4 h5 39. h4 Nxc4 40. Nxc4 1-0

[Event "GER-ch Net blitz qual1"]
[Site "Playchess.com INT"]
[Date "2021.04.24"]
[Round "7"]
[White "Brunner, Tobias"]
[Black "Parvanyan, Ashot"]
[Result "0-1"]
[WhiteElo "1620"]
[BlackElo "1620"]
[PlyCount "60"]
[EventDate "2021.04.24"]
[EventType "swiss (blitz)"]
[EventRounds "11"]
[EventCountry "GER"]
[SourceTitle "CBM 202 Extra"]
[Source "ChessBase"]
[SourceDate "2021.07.31"]
[SourceVersion "1"]
[SourceVersionDate "2021.07.31"]
[SourceQuality "1"]

1. e4 e6 2. d4 d5 3. exd5 exd5 4. Bd3 c5 5. c3 Nc6 6. Nf3 c4 7. Bc2 Bd6 8. 0-0 Nge7 9. Be3 a6 10. Nbd2 0-0 11. Re1 h6 12. Nf1 Bf5 13. Ng3 Bxc2 14. Qxc2 Qd7 15. Nh4 f5 16. f4 g5 17. fxg5 f4 18. gxh6 fxe3 19. Rxe3 Qg4 20. h7+ Kh8 21. Nf3 Bf4 22. Re2 Bxg3 23. hxg3 Qxg3 24. Rf1 Ng6 25. Ne5 Rxf1+ 26. Kxf1 Ncxe5 27. dxe5 Rf8+ 28. Kg1 Nf4 29. Rd2 Nh3+ 30. Kh1 Rf1# 0-1